Приятели, любовници и голямото ужасно нещо (Запис номер 492909)
[ съкратено ]
| 000 -Лидер | |
|---|---|
| Лидер | 01765nam a2200349 a 4500 |
| 003 - Код на организацията, давaща контролен номер | |
| Код на организацията, даваща контролен номер | BLK |
| 005 - Дата и час на последна редакция | |
| Дата и час на последна редакция | 20250707114451.0 |
| 007 - Фиксирано поле за физическо описани | |
| Физическо описание | ta |
| 008 - Елементи от данни с фиксирана дължина | |
| Елементи с фиксирана дължина | 230713b bu |||||r|||| 00| | bu d |
| 020 ## - Международен стандартен номер на книга ISBN | |
| ISBN | 9789543208500 |
| 040 ## - Източник на каталожния запис | |
| Код на библиотеката | BLK |
| 041 ## - Код за език | |
| Език | Български |
| Език за КДБФ | Български |
| 080 ## - УДК | |
| 9 (RLIN) | 401652 |
| УДК текст | Изпълнение на мъжки роли в киното |
| УДК код | 791.635-051 |
| УДК – определител | -051(73)(092) |
| УДК – код + определител | 791.635-051(73)(092) |
| 080 ## - УДК | |
| 9 (RLIN) | 464490 |
| УДК текст | Канадска литература |
| УДК код | 821.111(71) |
| УДК – определител | -9 |
| УДК – код + определител | 821.111(71)-9 |
| 080 ## - УДК | |
| 9 (RLIN) | 488376 |
| УДК текст | Канадско-американски телевизионен и филмов актьор, продуцент и сценарист |
| УДК код | 929 Пери, Матю |
| УДК – код + определител | 929 Пери, Матю |
| 084 ## - Класификационен индекс по друга класификация | |
| Авторски знак | Пер - П 37 |
| 100 ## - Редна дума - Автор | |
| R(LIN) | 488378 |
| Автор | Пери, Матю |
| 245 ## - Сведения за заглавието | |
| Заглавие | Приятели, любовници и голямото ужасно нещо |
| Подзаглавни данни | мемоари |
| Авторска отговорност | Матю Пери ; прев. от англ. Або ; предг. Лиса Кудроу |
| 246 ## - Различни форми на заглавието | |
| Различни форми на заглавието | Friends, lovers, and the big terrible thing |
| 260 ## - Област на издателските данни | |
| 9 (RLIN) | 209565 |
| Място на издаване | София |
| Име на издателя | Рива |
| Година на издаване | 2022 |
| Печатница | Пловдив : Булвест принт |
| 300 ## - Физическа характеристика | |
| Брой страници | 312 с., [8] л. |
| Илюстрации | цв. портр. |
| Размер | 21 см |
| 380 ## - Жанр | |
| Жанр | Изкуство |
| 500 ## - Общи забележки | |
| Обща забележка | Ориг. загл.: Friends, lovers, and the big terrible thing / Matthew Perry<br/>За автора: с. 311<br/>Або - псевд. на прев. Явор Савчов Въжаров |
| 650 #0 - Допълнително описание по предмет – тема | |
| 9 (RLIN) | 488379 |
| Предметна рубрика | Пери, Матю, 1969- -- биографски материали |
| 650 #0 - Допълнително описание по предмет – тема | |
| 9 (RLIN) | 280366 |
| Предметна рубрика | Актьори, американски |
| 653 ## - Ключова дума – ненормативна | |
| 9 (RLIN) | 188525 |
| Ключови думи | кино |
| 852 ## - Местоположение | |
| Сигнатура (форматна) | Цб 318786 |
| Отдел | Хранилище |
| 856 ## - Електронен адрес и достъп | |
| Инструкция (цена за достъп) | 0.00 |
| Права за достъп | disable |
| 942 ## - АРТИКУЛИ | |
| Вид на библиотечния документ | Книги |
| Скрит в OPAC | Не |
| Koha issues (borrowed), all copies | 35 |
| 944 ## - СЪЗДАВАНЕ И РЕДАКЦИЯ на ЗАПИСА | |
| Дата на регистрацията/редакция | Моника Янева |
| Служител, извършил регистрацията/редакцията | 30552 |
| Номер на служител | Виолета Тройчева |
| 999 ## - СИСТЕМНИ КОНТРОЛНИ НОМЕРА | |
| Koha biblionumber | 492909 |
| Koha biblioitemnumber | 492909 |
| 999 ## - СИСТЕМНИ КОНТРОЛНИ НОМЕРА | |
| Koha biblioitemnumber | 492909 |
| Код за отписване | Код за изгубен артикул | Източник на класификационната схема | Код за повреда | Коз за рестрикции | Код за отдаване | Артикулен № | Име на библиотеката - собственик | Име на библиотеката, в която се намира в момента | Статус (Текущо местоположение) | Дата на вписване в системата | Местоположение - отдел | Цена в лева | Инвентарен номер | Систематично азбучна сигнатура | Баркод | Цена в евро | Служебен тип на артикула |
|---|---|---|---|---|---|---|---|---|---|---|---|---|---|---|---|---|---|
| Не е изгубен | Universal Decimal Classification | Не е повреден | само за читалня | ползва се в читалня | 930378 | Регионална библиотека "Любен Каравелов" Русе | Регионална библиотека "Любен Каравелов" Русе | Хранилище | 2023-07-17 | Хранилище | 24.00 | 120000889860 | Цб 318786 | 120000889860 | 12.27 | Книги | |
| Не е изгубен | Universal Decimal Classification | Не е повреден | заемане за дома | 936877 | Регионална библиотека "Любен Каравелов" Русе | Регионална библиотека "Любен Каравелов" Русе | Заемна - подръчен фонд | 2023-11-22 | Заемна - подръчен фонд | 16.80 | 120000895950 | 821-9/П 37 М | 120000895950 | 8.59 | Книги | ||
| Не е изгубен | Universal Decimal Classification | Повреден | заемане за дома | 936940 | Регионална библиотека "Любен Каравелов" Русе | Регионална библиотека "Любен Каравелов" Русе | Заемна - подръчен фонд | 2023-11-27 | Заемна - подръчен фонд | 19.20 | 120000896000 | 821-9/П 37 М | 120000896000 | 9.82 | Книги |